| 000 | 00604nam a2200169 a 4500 | ||
|---|---|---|---|
| 001 | BRCA_1066 | ||
| 005 | 20190320203250.0 | ||
| 008 | 160508s2007----mx-a---###---#000-0#spa-# | ||
| 020 | _a9689274015 | ||
| 050 | 4 |
_aN6555 _b.H55 2007 |
|
| 100 | 1 |
_aHíjar Serrano, Alberto _93509 |
|
| 245 | 1 | 0 |
_aFrentes, coaliciones y talleres _bgrupos visuales en México en el siglo XX _ccompilador Alberto Serrano Híjar. |
| 260 |
_aMéxico _bFONCA : Casa Juan Pablos : CONACULTA : INBA : CENIDIAP _c2007 |
||
| 300 |
_a543 p. _bil. blanco y negro _c21 cm. |
||
| 650 | 1 | 4 |
_aArtes visuales _ySiglo XX _zMéxico _93510 |
| 942 |
_2lcc _cB |
||
| 999 |
_c945 _d945 |
||